Guess the Taylor Swift Song (Speak Now TV) 2 - Statistics

General Stats
  • This quiz has been taken 10 times
  • The average score is 379 of 408
Answer Stats
Answer % Correct
a
100%
about
100%
all
100%
AM
100%
and
100%
And
100%
are
100%
at
100%
back
100%
been
100%
best
100%
by
100%
"Can
100%
can
100%
Cause
100%
Do
100%
ever
100%
every
100%
everything
100%
fell
100%
first
100%
for
100%
got
100%
hands
100%
how
100%
I
100%
"I
100%
if
100%
"I'll
100%
I'm
100%
is
100%
it
100%
it?"
100%
it?
100%
it's
100%
I've
100%
last
100%
learn
100%
leave
100%
like
100%
look
100%
looked
100%
love,
100%
love
100%
me
100%
me,
100%
my
100%
never
100%
nothin'
100%
now
100%
of
100%
on
100%
on,
100%
on)
100%
our
100%
out
100%
out,
100%
ran
100%
said,
100%
saw
100%
say,
100%
say
100%
see
100%
that
100%
that's
100%
the
100%
The
100%
Then
100%
there
100%
thing
100%
This
100%
thought
100%
time
100%
to
100%
took
100%
was
100%
we
100%
We
100%
were
100%
we're
100%
We're
100%
what
100%
When
100%
why
100%
Yes,
100%
yes,
100%
yes
100%
You
100%
you
100%
you,
100%
your
100%
alone"
86%
As
86%
believe
86%
careful
86%
careless
86%
crying,
86%
daughter
86%
fallin'
86%
fight,
86%
figure
86%
figured
86%
flight
86%
followed
86%
gonna
86%
hard
86%
Hold
86%
(Hold
86%
(hold
86%
in
86%
known
86%
lasts
86%
Left
86%
made
86%
make
86%
man's
86%
mine
86%
mine"
86%
mistakes
86%
place
86%
put
86%
remember,
86%
remember
86%
right
86%
risk,
86%
secrets
86%
She
86%
start
86%
takin'
86%
there's
86%
things
86%
thirty
86%
two
86%
waiting
86%
water?
86%
water
86%
we'll
86%
with
86%
Wondering
86%
(Yeah,
86%
yeah,
86%
yeah)
86%
(yeah,
86%
arm
71%
around
71%
bills
71%
bother
71%
Braced
71%
college,
71%
couch
71%
drawer
71%
fear
71%
felt,
71%
Flash
71%
goodbye
71%
lights
71%
lyin'
71%
moment,
71%
myself
71%
Oh,
71%
oh,
71%
oh
71%
parents'
71%
part
71%
pay
71%
rebel
71%
sittin'
71%
sitting
71%
slipping
71%
small
71%
street
71%
surprise
71%
tables
71%
take
71%
together
71%
town,
71%
turn
71%
working
71%
world
71%
city
57%
forward,
57%
guarded
57%
into
57%
No matching quizzes found
Score Distribution
Percent of People with Each Score
Percentile by Number Answered
Your Score History
You have not taken this quiz